000 00697cab a2200217 4500
001 ABS49582
008 090401t1993 xxu||||| |||| 00| 0 eng d
035 _a(Sirsi) u71857
041 _aeng
110 _aStoy Hayward
_91646
245 _aStamp duty : plot sales and building projects
260 _c1993
350 _a0
490 _aProperty Finance
_v5(8) September 1993, 96-97(2)
520 _aInland Revenue statement of practice (SP8/93) on stamp duty and new buildings affects transactions on properties where there is work to be completed at the time of transfer.
650 _aNEW BUILDINGS
650 _aSTAMP DUTY
690 _aTAXATION
942 _n0
948 _c04/03/1997
999 _c45327
_d45327